[Event "Pobeskydi 2026"]
[Site "Frydek-Mistek, Czech Republic"]
[Date "2026.04.05"]
[Round "7.3"]
[White "Karas, Marek"]
[Black "Zemkova, Klara"]
[Result "1-0"]
[TimeControl "90 min+30s/move"]
[WhiteTitle "-"]
[BlackTitle "-"]
[WhiteFideId "14928558"]
[BlackFideId "344117"]
[WhiteElo "2232"]
[BlackElo "1888"]

1. d4 {[%clk 01:30:58]} f5 {[%clk 01:29:36]} {[%emt 00:01:26]} 2. Qd3 {[%clk
01:31:26]} d5 {[%clk 01:18:46]} {[%emt 00:11:21]} 3. Nf3 {[%clk 01:31:34]}
{[%emt 00:00:22]} Nf6 {[%clk 01:18:55]} {[%emt 00:00:21]} 4. c4 {[%clk
01:31:53]} {[%emt 00:00:11]} e6 {[%clk 01:14:13]} {[%emt 00:05:12]} 5. Bf4
{[%clk 01:32:09]} {[%emt 00:00:13]} Bd6 {[%clk 01:08:37]} {[%emt 00:06:07]} 6.
g3 {[%clk 01:27:28]} {[%emt 00:05:10]} O-O {[%clk 01:04:36]} {[%emt 00:04:32]}
7. Bg2 {[%clk 01:23:47]} {[%emt 00:04:11]} Nbd7 {[%clk 00:58:37]} {[%emt
00:06:30]} 8. Bxd6 {[%clk 01:18:38]} {[%emt 00:05:38]} cxd6 {[%clk 00:57:54]}
{[%emt 00:01:13]} 9. cxd5 {[%clk 01:17:38]} {[%emt 00:01:30]} Nxd5 {[%clk
00:58:08]} {[%emt 00:00:17]} 10. O-O {[%clk 01:16:56]} {[%emt 00:01:10]} N7f6
{[%clk 00:53:39]} {[%emt 00:05:00]} 11. Nc3 {[%clk 01:15:57]} {[%emt 00:01:29]}
Bd7 {[%clk 00:52:55]} {[%emt 00:01:15]} 12. Ng5 {[%clk 01:07:21]} {[%emt
00:09:04]} Nxc3 {[%clk 00:44:55]} {[%emt 00:08:31]} 13. bxc3 {[%clk 01:05:46]}
{[%emt 00:02:05]} h6 {[%clk 00:43:47]} {[%emt 00:01:38]} 14. Nf3 {[%clk
01:05:24]} {[%emt 00:00:50]} Bc6 {[%clk 00:42:04]} {[%emt 00:02:15]} 15. c4
{[%clk 01:05:12]} {[%emt 00:00:42]} Be4 {[%clk 00:35:26]} {[%emt 00:07:09]} 16.
Qe3 {[%clk 01:02:49]} {[%emt 00:02:50]} Ng4 {[%clk 00:32:25]} {[%emt 00:03:33]}
17. Qb3 {[%clk 01:02:46]} {[%emt 00:00:31]} b6 {[%clk 00:31:55]} {[%emt
00:01:03]} 18. Bh3 {[%clk 00:54:33]} {[%emt 00:08:41]} Qe8 {[%clk 00:25:40]}
{[%emt 00:06:46]} 19. Nd2 {[%clk 00:53:27]} {[%emt 00:01:34]} Bb7 {[%clk
00:24:50]} {[%emt 00:01:18]} 20. Bg2 {[%clk 00:50:49]} {[%emt 00:03:12]} Bxg2
{[%clk 00:24:30]} {[%emt 00:00:50]} 21. Kxg2 {[%clk 00:51:17]} {[%emt
00:00:01]} Qh5 {[%clk 00:24:41]} {[%emt 00:00:19]} 22. Nf3 {[%clk 00:47:30]}
{[%emt 00:04:16]} Kh8 {[%clk 00:15:00]} {[%emt 00:10:13]} 23. Qa3 {[%clk
00:44:19]} {[%emt 00:03:41]} e5 {[%clk 00:13:39]} {[%emt 00:01:51]} 24. h3
{[%clk 00:43:50]} {[%emt 00:00:57]} e4 {[%clk 00:13:43]} {[%emt 00:00:26]} 25.
Ng1 {[%clk 00:43:50]} {[%emt 00:00:29]} Nf6 {[%clk 00:13:47]} {[%emt 00:00:27]}
26. Qxd6 {[%clk 00:40:34]} {[%emt 00:03:45]} Rad8 {[%clk 00:14:13]} {[%emt
00:00:05]} 27. Qa3 {[%clk 00:40:35]} {[%emt 00:00:29]} Rde8 {[%clk 00:14:09]}
{[%emt 00:00:34]} 28. f4 {[%clk 00:37:11]} {[%emt 00:03:53]} g5 {[%clk
00:11:29]} {[%emt 00:03:11]} 29. Qe3 {[%clk 00:32:15]} {[%emt 00:05:25]} Rg8
{[%clk 00:10:47]} {[%emt 00:01:13]} 30. Rf2 {[%clk 00:30:24]} {[%emt 00:02:20]}
Re7 {[%clk 00:09:29]} {[%emt 00:01:48]} 31. a4 {[%clk 00:28:07]} {[%emt
00:02:48]} gxf4 {[%clk 00:08:17]} {[%emt 00:01:42]} 32. Qxf4 {[%clk 00:27:56]}
{[%emt 00:00:40]} Reg7 {[%clk 00:05:48]} {[%emt 00:02:59]} 33. Ra3 {[%clk
00:28:11]} {[%emt 00:00:15]} e3 {[%clk 00:04:58]} {[%emt 00:01:20]} 34. Rxe3
{[%clk 00:27:26]} {[%emt 00:01:14]} Ne4 {[%clk 00:05:23]} {[%emt 00:00:06]} 35.
Rff3 {[%clk 00:27:28]} {[%emt 00:00:27]} Nd2 {[%clk 00:04:46]} {[%emt
00:01:09]} 36. Re6 {[%clk 00:27:28]} {[%emt 00:00:29]} Nxf3 {[%clk 00:04:31]}
{[%emt 00:00:45]} 37. Rxh6+ {[%clk 00:27:51]} {[%emt 00:00:07]} Qxh6 {[%clk
00:04:20]} {[%emt 00:00:40]} 38. Qxh6+ {[%clk 00:28:19]} {[%emt 00:00:02]} Rh7
{[%clk 00:04:45]} {[%emt 00:00:06]} 39. Qf6+ {[%clk 00:28:38]} {[%emt
00:00:11]} 1-0

[Event "Pobeskydi 2026"]
[Site "Frydek-Mistek, Czech Republic"]
[Date "2026.04.05"]
[Round "7.4"]
[White "Durana, Jonas"]
[Black "Szczygiel, Filip"]
[Result "0-1"]
[TimeControl "90 min+30s/move"]
[WhiteTitle "-"]
[BlackTitle "-"]
[WhiteFideId "73619663"]
[BlackFideId "41897307"]
[WhiteElo "2183"]
[BlackElo "1809"]

1. e4 {[%clk 01:30:59]} {[%emt 00:33:43]} g6 {[%clk 01:30:54]} {[%emt
00:00:07]} 2. d4 {[%clk 01:31:22]} {[%emt 00:00:06]} Bg7 {[%clk 01:31:16]}
{[%emt 00:00:08]} 3. Nf3 {[%clk 01:29:49]} {[%emt 00:02:03]} d6 {[%clk
01:31:39]} {[%emt 00:00:07]} 4. Nc3 {[%clk 01:30:13]} {[%emt 00:00:05]} a6
{[%clk 01:31:17]} {[%emt 00:00:53]} 5. a4 {[%clk 01:30:28]} {[%emt 00:00:15]}
Nf6 {[%clk 01:25:47]} {[%emt 00:05:58]} 6. Be3 {[%clk 01:28:06]} {[%emt
00:02:53]} O-O {[%clk 01:24:00]} {[%emt 00:02:18]} 7. h3 {[%clk 01:27:21]}
{[%emt 00:01:15]} Nc6 {[%clk 01:21:52]} {[%emt 00:02:38]} 8. Be2 {[%clk
01:25:36]} {[%emt 00:02:14]} e5 {[%clk 01:16:51]} {[%emt 00:05:32]} 9. d5
{[%clk 01:22:00]} {[%emt 00:04:05]} Ne7 {[%clk 01:15:38]} {[%emt 00:01:43]} 10.
Qd2 {[%clk 01:22:11]} {[%emt 00:00:19]} Nxe4 {[%clk 01:04:38]} {[%emt
00:11:30]} 11. Nxe4 {[%clk 01:22:30]} {[%emt 00:00:12]} f5 {[%clk 01:05:03]}
{[%emt 00:00:05]} 12. g4 {[%clk 01:10:55]} {[%emt 00:12:05]} f4 {[%clk
01:00:22]} {[%emt 00:05:11]} 13. Bb6 {[%clk 01:07:03]} {[%emt 00:04:22]} cxb6
{[%clk 00:59:38]} {[%emt 00:01:14]} 14. Qb4 {[%clk 01:07:28]} {[%emt 00:00:04]}
Qc7 {[%clk 00:42:01]} {[%emt 00:18:08]} 15. O-O-O {[%clk 00:56:23]} {[%emt
00:11:34]} Rd8 {[%clk 00:35:01]} {[%emt 00:07:31]} 16. b3 {[%clk 00:45:10]}
{[%emt 00:11:43]} b5 {[%clk 00:28:35]} {[%emt 00:06:56]} 17. axb5 {[%clk
00:44:16]} {[%emt 00:01:24]} axb5 {[%clk 00:27:58]} {[%emt 00:01:07]} 18. Qxb5
{[%clk 00:38:03]} {[%emt 00:06:43]} Bf5 {[%clk 00:23:46]} {[%emt 00:04:42]} 19.
Nfg5 {[%clk 00:27:25]} {[%emt 00:11:07]} f3 {[%clk 00:15:55]} {[%emt 00:08:22]}
20. Bc4 {[%clk 00:25:46]} {[%emt 00:02:08]} Bh6 {[%clk 00:15:37]} {[%emt
00:00:49]} 21. gxf5 {[%clk 00:25:34]} {[%emt 00:00:42]} Ra5 {[%clk 00:05:54]}
{[%emt 00:10:14]} 22. Qb4 {[%clk 00:23:50]} {[%emt 00:02:13]} b5 {[%clk
00:04:41]} {[%emt 00:01:43]} 23. f6 {[%clk 00:17:28]} {[%emt 00:06:52]} Nf5
{[%clk 00:02:03]} {[%emt 00:03:08]} 24. Bd3 {[%clk 00:16:24]} {[%emt 00:01:34]}
Qa7 {[%clk 00:01:53]} {[%emt 00:00:39]} 25. h4 {[%clk 00:13:38]} {[%emt
00:03:16]} Rc8 {[%clk 00:02:02]} {[%emt 00:00:21]} 26. f7+ {[%clk 00:12:55]}
{[%emt 00:01:13]} Kf8 {[%clk 00:01:40]} {[%emt 00:00:53]} 27. Nxd6 {[%clk
00:11:58]} {[%emt 00:01:26]} Ra1+ {[%clk 00:01:58]} {[%emt 00:00:12]} 28. Kd2
{[%clk 00:12:23]} {[%emt 00:00:05]} Qxf2+ {[%clk 00:02:21]} {[%emt 00:00:06]}
0-1

[Event "Pobeskydi 2026"]
[Site "Frydek-Mistek, Czech Republic"]
[Date "2026.04.05"]
[Round "7.5"]
[White "Vanek, Martin"]
[Black "Boff, Ondrej"]
[Result "1-0"]
[TimeControl "90 min+30s/move"]
[WhiteTitle "-"]
[BlackTitle "-"]
[WhiteFideId "23769238"]
[BlackFideId "23733950"]
[WhiteElo "1905"]
[BlackElo "2101"]

1. d4 {[%clk 01:30:57]} {[%emt 00:00:02]} Nf6 {[%clk 01:30:28]} {[%emt
00:00:33]} 2. c4 {[%clk 01:31:22]} {[%emt 00:00:06]} c5 {[%clk 01:30:42]}
{[%emt 00:00:15]} 3. d5 {[%clk 01:31:44]} {[%emt 00:00:09]} b5 {[%clk
01:30:43]} {[%emt 00:00:28]} 4. cxb5 {[%clk 01:32:05]} {[%emt 00:00:10]} a6
{[%clk 01:30:29]} {[%emt 00:00:43]} 5. e3 {[%clk 01:31:33]} {[%emt 00:01:02]}
axb5 {[%clk 01:29:48]} {[%emt 00:01:12]} 6. Bxb5 {[%clk 01:31:47]} {[%emt
00:00:15]} Qa5+ {[%clk 01:29:45]} {[%emt 00:00:33]} 7. Nc3 {[%clk 01:32:07]}
{[%emt 00:00:10]} Bb7 {[%clk 01:29:52]} {[%emt 00:00:22]} 8. Bd2 {[%clk
01:32:23]} {[%emt 00:00:14]} Qb6 {[%clk 01:29:48]} {[%emt 00:00:35]} 9. Nf3
{[%clk 01:30:20]} {[%emt 00:02:33]} Nxd5 {[%clk 01:21:42]} {[%emt 00:08:36]} 10.
a4 {[%clk 01:30:31]} {[%emt 00:00:19]} Nxc3 {[%clk 01:14:25]} {[%emt 00:07:46]}
11. Bxc3 {[%clk 01:27:45]} {[%emt 00:03:17]} Bc6 {[%clk 01:10:08]} {[%emt
00:04:47]} 12. Bxc6 {[%clk 01:15:32]} {[%emt 00:12:44]} Nxc6 {[%clk 01:10:07]}
{[%emt 00:00:31]} 13. O-O {[%clk 01:13:29]} {[%emt 00:02:33]} d6 {[%clk
01:01:56]} {[%emt 00:08:41]} 14. e4 {[%clk 01:03:09]} {[%emt 00:10:50]} e6
{[%clk 00:58:38]} {[%emt 00:03:47]} 15. Nd2 {[%clk 00:57:13]} {[%emt 00:06:26]}
Na5 {[%clk 00:51:40]} {[%emt 00:07:28]} 16. f4 {[%clk 00:50:13]} {[%emt
00:07:31]} O-O-O {[%clk 00:34:34]} {[%emt 00:17:35]} 17. Qc2 {[%clk 00:38:07]}
{[%emt 00:12:36]} Rd7 {[%clk 00:27:06]} {[%emt 00:07:58]} 18. Kh1 {[%clk
00:24:47]} {[%emt 00:13:50]} Rc7 {[%clk 00:25:51]} {[%emt 00:01:45]} 19. Rfb1
{[%clk 00:23:30]} {[%emt 00:01:48]} f6 {[%clk 00:21:47]} {[%emt 00:04:33]} 20.
Qd3 {[%clk 00:20:01]} {[%emt 00:03:59]} d5 {[%clk 00:10:51]} {[%emt 00:11:26]}
21. exd5 {[%clk 00:16:56]} {[%emt 00:03:35]} exd5 {[%clk 00:10:32]} {[%emt
00:00:48]} 22. Qxd5 {[%clk 00:16:29]} {[%emt 00:00:58]} Be7 {[%clk 00:10:32]}
{[%emt 00:00:30]} 23. Qa8+ {[%clk 00:16:19]} {[%emt 00:00:40]} 1-0

[Event "Pobeskydi 2026"]
[Site "Frydek-Mistek, Czech Republic"]
[Date "2026.04.05"]
[Round "7.6"]
[White "Lichorad, Mateusz"]
[Black "Hrckova, Anna"]
[Result "1-0"]
[TimeControl "90 min+30s/move"]
[WhiteTitle "-"]
[BlackTitle "-"]
[WhiteFideId "21817693"]
[BlackFideId "23763507"]
[WhiteElo "2039"]
[BlackElo "1778"]

1. e4 {[%clk 01:29:53]} {[%emt 00:01:06]} e6 {[%clk 01:30:55]} {[%emt
00:00:06]} 2. d4 {[%clk 01:30:18]} {[%emt 00:00:05]} d5 {[%clk 01:31:18]}
{[%emt 00:00:07]} 3. Nc3 {[%clk 01:30:38]} {[%emt 00:00:09]} Bb4 {[%clk
01:31:15]} {[%emt 00:00:34]} 4. e5 {[%clk 01:31:04]} {[%emt 00:00:04]} c5
{[%clk 01:31:21]} {[%emt 00:00:24]} 5. a3 {[%clk 01:31:33]} {[%emt 00:00:01]}
Bxc3+ {[%clk 01:31:36]} {[%emt 00:00:15]} 6. bxc3 {[%clk 01:32:01]} {[%emt
00:00:01]} Ne7 {[%clk 01:31:53]} {[%emt 00:00:13]} 7. Qg4 {[%clk 01:32:27]}
{[%emt 00:00:04]} Nf5 {[%clk 01:32:14]} {[%emt 00:00:09]} 8. Bd3 {[%clk
01:31:19]} {[%emt 00:01:38]} h5 {[%clk 01:31:42]} {[%emt 00:01:03]} 9. Qf4
{[%clk 01:26:48]} {[%emt 00:05:01]} Qh4 {[%clk 01:30:48]} {[%emt 00:01:24]} 10.
Qxh4 {[%clk 01:22:53]} {[%emt 00:04:25]} Nxh4 {[%clk 01:31:12]} {[%emt
00:00:06]} 11. Bg5 {[%clk 01:22:04]} {[%emt 00:01:19]} Nf5 {[%clk 01:31:22]}
{[%emt 00:00:19]} 12. Ne2 {[%clk 01:15:22]} {[%emt 00:07:12]} Nc6 {[%clk
01:27:14]} {[%emt 00:04:38]} 13. dxc5 {[%clk 01:01:58]} {[%emt 00:13:55]} Bd7
{[%clk 01:22:07]} {[%emt 00:05:37]} 14. Rb1 {[%clk 00:59:20]} {[%emt 00:03:08]}
Rb8 {[%clk 01:16:40]} {[%emt 00:05:57]} 15. Bf4 {[%clk 00:53:30]} {[%emt
00:06:19]} Nfe7 {[%emt 00:03:16]} 16. Nd4 {[%clk 00:51:35]} {[%emt 00:02:24]}
a6 {[%clk 01:14:06]} {[%emt 00:00:20]} 17. Nxc6 {[%clk 00:50:50]} {[%emt
00:01:15]} Nxc6 {[%clk 01:09:40]} {[%emt 00:04:56]} 18. O-O {[%clk 00:50:46]}
{[%emt 00:00:33]} Kd8 {[%clk 00:52:23]} {[%emt 00:17:48]} 19. c4 {[%clk
00:48:11]} {[%emt 00:03:04]} dxc4 {[%clk 00:50:51]} {[%emt 00:02:03]} 20. Bxc4
{[%clk 00:48:40]} {[%emt 00:00:01]} Kc7 {[%clk 00:50:17]} {[%emt 00:01:04]} 21.
Rfd1 {[%clk 00:46:17]} {[%emt 00:02:52]} Ne7 {[%clk 00:44:18]} {[%emt
00:06:28]} 22. Bd2 {[%clk 00:43:46]} {[%emt 00:03:02]} Ba4 {[%clk 00:36:45]}
{[%emt 00:08:03]} 23. Ba5+ {[%clk 00:41:59]} {[%emt 00:02:17]} Kc6 {[%clk
00:36:30]} {[%emt 00:00:46]} 24. Rd6+ {[%clk 00:39:56]} {[%emt 00:02:33]} Kxc5
{[%clk 00:36:25]} {[%emt 00:00:35]} 25. Be2 {[%clk 00:38:26]} {[%emt 00:01:59]}
Nd5 {[%clk 00:32:28]} {[%emt 00:04:28]} 26. c4 {[%clk 00:36:21]} {[%emt
00:02:35]} b6 {[%clk 00:29:36]} {[%emt 00:03:21]} 27. Bb4+ {[%clk 00:35:02]}
{[%emt 00:01:49]} Kd4 {[%clk 00:30:02]} {[%emt 00:00:04]} 28. cxd5 {[%clk
00:35:09]} {[%emt 00:00:24]} a5 {[%clk 00:29:41]} {[%emt 00:00:51]} 29. Bd2
{[%clk 00:35:09]} {[%emt 00:00:29]} Kxe5 {[%clk 00:29:22]} {[%emt 00:00:50]} 30.
Rdxb6 {[%clk 00:34:51]} {[%emt 00:00:48]} Rxb6 {[%clk 00:29:09]} {[%emt
00:00:43]} 31. Rxb6 {[%clk 00:35:20]} Rc8 {[%clk 00:29:09]} {[%emt 00:00:29]}
32. Rb2 {[%clk 00:35:11]} {[%emt 00:00:39]} exd5 {[%clk 00:29:18]} {[%emt
00:00:22]} 33. h3 {[%clk 00:34:53]} {[%emt 00:00:48]} Bc2 {[%clk 00:27:45]}
{[%emt 00:02:03]} 34. Bxa5 {[%clk 00:33:39]} {[%emt 00:01:43]} d4 {[%clk
00:27:58]} {[%emt 00:00:17]} 35. Rb5+ {[%clk 00:33:35]} {[%emt 00:00:34]} Kf6
{[%clk 00:27:19]} {[%emt 00:01:10]} 36. Rd5 {[%clk 00:32:18]} {[%emt 00:01:46]}
Re8 {[%clk 00:25:58]} {[%emt 00:01:52]} 37. Bb5 {[%clk 00:32:17]} {[%emt
00:00:30]} Rb8 {[%clk 00:25:24]} {[%emt 00:01:04]} 38. a4 {[%clk 00:32:04]}
{[%emt 00:00:44]} d3 {[%clk 00:25:50]} {[%emt 00:00:03]} 39. Bxd3 {[%clk
00:31:58]} {[%emt 00:00:37]} Bxa4 {[%clk 00:26:06]} {[%emt 00:00:14]} 40. Rxh5
{[%clk 00:31:40]} {[%emt 00:00:47]} Rc8 {[%clk 00:26:05]} {[%emt 00:00:30]} 41.
Rf5+ {[%clk 00:31:41]} {[%emt 00:00:30]} Ke6 {[%clk 00:25:56]} {[%emt
00:00:39]} 42. Rf4 {[%clk 00:31:59]} {[%emt 00:00:12]} Rc1+ {[%clk 00:26:20]}
{[%emt 00:00:07]} 43. Kh2 {[%clk 00:32:15]} Bb3 {[%clk 00:26:09]} {[%emt
00:00:54]} 44. Rb4 {[%clk 00:31:36]} Bd5 {[%clk 00:25:34]} {[%emt 00:02:14]} 45.
Be4 {[%clk 00:31:33]} Ba2 {[%clk 00:25:34]} 46. f4 {[%emt 00:02:50]} Rf1 {[%clk
00:23:33]} {[%emt 00:01:22]} 47. Rb6+ {[%clk 00:31:34]} {[%emt 00:00:22]} Kd7
{[%clk 00:23:22]} {[%emt 00:00:41]} 48. Bf5+ {[%clk 00:31:44]} {[%emt
00:00:20]} Ke8 {[%emt 00:00:11]} 49. Bb4 {[%emt 00:01:47]} 1-0

[Event "Pobeskydi 2026"]
[Site "Frydek-Mistek, Czech Republic"]
[Date "2026.04.05"]
[Round "7.7"]
[White "Skorupa, Tobias"]
[Black "Sigut, Ondrej"]
[Result "1/2-1/2"]
[TimeControl "90 min+30s/move"]
[WhiteTitle "-"]
[BlackTitle "-"]
[WhiteFideId "23777494"]
[BlackFideId "23712813"]
[WhiteElo "1859"]
[BlackElo "2016"]

1. d4 {[%clk 01:30:56]} {[%emt 00:00:04]} e6 {[%clk 01:30:54]} {[%emt
00:00:07]} 2. c4 {[%clk 01:31:11]} {[%emt 00:00:15]} f5 {[%clk 01:28:44]}
{[%emt 00:02:41]} 3. Nf3 {[%clk 01:31:09]} {[%emt 00:00:31]} Nf6 {[%clk
01:28:38]} {[%emt 00:00:36]} 4. g3 {[%clk 01:31:04]} {[%emt 00:00:35]} b6
{[%clk 01:28:00]} {[%emt 00:01:09]} 5. Bg2 {[%clk 01:31:11]} {[%emt 00:00:22]}
Bb7 {[%clk 01:28:13]} {[%emt 00:00:17]} 6. O-O {[%clk 01:29:56]} {[%emt
00:01:44]} Be7 {[%clk 01:27:44]} {[%emt 00:01:00]} 7. Nc3 {[%clk 01:28:49]}
{[%emt 00:01:36]} O-O {[%clk 01:25:58]} {[%emt 00:02:17]} 8. d5 {[%clk
01:20:10]} {[%emt 00:09:10]} a5 {[%clk 01:11:27]} {[%emt 00:15:01]} 9. Nd4
{[%clk 01:12:54]} {[%emt 00:07:46]} Qc8 {[%clk 00:47:45]} {[%emt 00:24:12]} 10.
Bf3 {[%clk 00:58:46]} {[%emt 00:14:38]} c6 {[%clk 00:28:31]} {[%emt 00:19:43]}
11. Bf4 {[%clk 00:48:23]} {[%emt 00:10:52]} cxd5 {[%clk 00:24:04]} {[%emt
00:04:58]} 12. cxd5 {[%clk 00:48:32]} {[%emt 00:00:21]} Nxd5 {[%clk 00:21:28]}
{[%emt 00:03:06]} 13. Nxd5 {[%clk 00:47:49]} {[%emt 00:01:13]} Bxd5 {[%clk
00:20:47]} {[%emt 00:01:12]} 14. Bxd5 {[%clk 00:47:19]} {[%emt 00:01:00]} exd5
{[%clk 00:21:10]} {[%emt 00:00:06]} 15. Rc1 {[%clk 00:40:53]} {[%emt 00:06:55]}
Bc5 {[%clk 00:19:20]} {[%emt 00:02:21]} 16. Qb3 {[%clk 00:40:30]} {[%emt
00:00:53]} Qe8 {[%clk 00:14:08]} {[%emt 00:05:42]} 17. Qxd5+ {[%clk 00:40:22]}
{[%emt 00:00:37]} Qf7 {[%clk 00:14:35]} {[%emt 00:00:04]} 18. Qxf7+ {[%clk
00:31:30]} {[%emt 00:09:22]} Rxf7 {[%clk 00:14:48]} {[%emt 00:00:17]} 19. Rfd1
{[%clk 00:30:20]} {[%emt 00:01:40]} 1/2-1/2

[Event "Pobeskydi 2026"]
[Site "Frydek-Mistek, Czech Republic"]
[Date "2026.04.05"]
[Round "7.8"]
[White "Janovicek, Lukas"]
[Black "Ocelak, David"]
[Result "1/2-1/2"]
[TimeControl "90 min+30s/move"]
[WhiteTitle "-"]
[BlackTitle "-"]
[WhiteFideId "14975831"]
[BlackFideId "23728795"]
[WhiteElo "1846"]
[BlackElo "2009"]

1. e4 {[%clk 01:30:56]} {[%emt 00:00:03]} c6 {[%clk 01:30:01]} {[%emt
00:00:59]} 2. d4 {[%clk 01:30:57]} {[%emt 00:00:29]} d5 {[%clk 01:29:57]}
{[%emt 00:00:34]} 3. Nc3 {[%clk 01:31:07]} {[%emt 00:00:20]} dxe4 {[%clk
01:29:45]} {[%emt 00:00:42]} 4. Nxe4 {[%clk 01:31:28]} {[%emt 00:00:09]} Nf6
{[%clk 01:29:49]} {[%emt 00:00:27]} 5. Nxf6+ {[%clk 01:31:18]} {[%emt
00:00:39]} exf6 {[%clk 01:29:18]} {[%emt 00:01:01]} 6. Bc4 {[%clk 01:31:25]}
{[%emt 00:00:21]} Bd6 {[%clk 01:28:54]} {[%emt 00:00:56]} 7. Qe2+ {[%clk
01:30:43]} {[%emt 00:01:11]} Qe7 {[%clk 01:26:48]} {[%emt 00:02:37]} 8. Qxe7+
{[%clk 01:30:20]} {[%emt 00:00:53]} Kxe7 {[%clk 01:24:04]} {[%emt 00:03:14]} 9.
Ne2 {[%clk 01:28:25]} {[%emt 00:02:25]} Be6 {[%clk 01:17:39]} {[%emt 00:06:54]}
10. Bd3 {[%clk 01:25:09]} {[%emt 00:03:47]} Nd7 {[%clk 01:06:29]} {[%emt
00:11:41]} 11. Bf4 {[%clk 01:17:18]} {[%emt 00:08:19]} g6 {[%clk 00:51:31]}
{[%emt 00:15:28]} 12. O-O {[%clk 01:07:30]} {[%emt 00:10:18]} Nb6 {[%clk
00:49:17]} {[%emt 00:02:45]} 13. Rfe1 {[%clk 00:56:54]} {[%emt 00:11:05]} Kd7
{[%clk 00:42:55]} {[%emt 00:06:53]} 14. Bxd6 {[%clk 00:54:14]} {[%emt
00:03:09]} Kxd6 {[%clk 00:43:18]} {[%emt 00:00:08]} 15. Nf4 {[%clk 00:52:34]}
{[%emt 00:02:09]} Rhe8 {[%clk 00:40:34]} {[%emt 00:03:14]} 16. Re3 {[%clk
00:46:20]} {[%emt 00:06:43]} 1/2-1/2

[Event "Pobeskydi 2026"]
[Site "Frydek-Mistek, Czech Republic"]
[Date "2026.04.05"]
[Round "7.9"]
[White "Zeman, Daniel Nikolas"]
[Black "Sulcova, Tereza Radmila"]
[Result "1-0"]
[TimeControl "90 min+30s/move"]
[WhiteTitle "-"]
[BlackTitle "-"]
[WhiteFideId "23717130"]
[BlackFideId "395196"]
[WhiteElo "1957"]
[BlackElo "1919"]

1. d4 {[%clk 01:30:57]} {[%emt 00:00:03]} e6 {[%clk 01:30:42]} {[%emt
00:00:18]} 2. c4 {[%clk 01:31:18]} {[%emt 00:00:08]} Bb4+ {[%clk 01:31:04]}
{[%emt 00:00:08]} 3. Nc3 {[%clk 01:31:42]} {[%emt 00:00:07]} Bxc3+ {[%clk
01:31:20]} {[%emt 00:00:15]} 4. bxc3 {[%clk 01:32:10]} f5 {[%clk 01:31:41]}
{[%emt 00:00:08]} 5. Nf3 {[%clk 01:31:13]} {[%emt 00:01:27]} Nf6 {[%clk
01:31:50]} {[%emt 00:00:22]} 6. e3 {[%clk 01:24:15]} {[%emt 00:07:29]} O-O
{[%clk 01:27:37]} {[%emt 00:04:41]} 7. Bd3 {[%clk 01:23:54]} {[%emt 00:00:51]}
b6 {[%clk 01:27:18]} {[%emt 00:00:49]} 8. Ba3 {[%clk 01:23:29]} {[%emt
00:00:56]} d6 {[%clk 01:25:58]} {[%emt 00:01:49]} 9. c5 {[%clk 01:21:41]}
{[%emt 00:02:19]} Ne4 {[%clk 01:15:49]} {[%emt 00:10:38]} 10. cxd6 {[%clk
01:16:12]} {[%emt 00:05:59]} cxd6 {[%clk 01:15:16]} {[%emt 00:01:04]} 11. Qb3
{[%clk 01:10:48]} {[%emt 00:05:53]} Rf6 {[%clk 01:08:10]} {[%emt 00:07:36]} 12.
c4 {[%clk 01:02:36]} {[%emt 00:08:43]} Ba6 {[%clk 01:03:28]} {[%emt 00:05:12]}
13. O-O {[%clk 00:55:13]} {[%emt 00:07:53]} Nc6 {[%clk 00:59:28]} {[%emt
00:04:29]} 14. d5 {[%clk 00:43:23]} {[%emt 00:12:20]} Na5 {[%clk 00:54:20]}
{[%emt 00:05:38]} 15. Qb1 {[%clk 00:40:55]} {[%emt 00:02:58]} e5 {[%clk
00:51:21]} {[%emt 00:03:29]} 16. Rc1 {[%clk 00:37:43]} {[%emt 00:03:43]} Rc8
{[%clk 00:46:35]} {[%emt 00:05:16]} 17. Bxe4 {[%clk 00:34:25]} {[%emt
00:03:48]} fxe4 {[%clk 00:45:56]} {[%emt 00:01:08]} 18. Qxe4 {[%clk 00:34:14]}
{[%emt 00:00:42]} Nxc4 {[%clk 00:44:32]} {[%emt 00:01:54]} 19. Bb4 {[%clk
00:32:54]} {[%emt 00:01:49]} Nb2 {[%clk 00:37:51]} {[%emt 00:07:11]} 20. Ng5
{[%clk 00:29:03]} {[%emt 00:04:22]} Bd3 {[%clk 00:32:31]} {[%emt 00:05:50]} 21.
Qh4 {[%clk 00:27:44]} {[%emt 00:01:49]} Bf5 {[%clk 00:24:52]} {[%emt 00:08:09]}
22. e4 {[%clk 00:26:20]} {[%emt 00:01:54]} Rh6 {[%clk 00:22:59]} {[%emt
00:02:22]} 23. Qg3 {[%clk 00:25:58]} {[%emt 00:00:52]} Bd7 {[%clk 00:18:51]}
{[%emt 00:04:39]} 24. Ne6 {[%clk 00:24:02]} {[%emt 00:02:26]} Bxe6 {[%clk
00:17:57]} {[%emt 00:01:24]} 25. dxe6 {[%clk 00:24:00]} {[%emt 00:00:32]} Nc4
{[%clk 00:18:00]} {[%emt 00:00:26]} 26. Qd3 {[%clk 00:19:18]} {[%emt 00:05:12]}
b5 {[%clk 00:15:57]} {[%emt 00:02:33]} 27. a4 {[%clk 00:17:59]} {[%emt
00:01:50]} Qh4 {[%clk 00:15:17]} {[%emt 00:01:08]} 28. h3 {[%clk 00:16:39]}
{[%emt 00:01:52]} Rf8 {[%clk 00:14:58]} {[%emt 00:00:50]} 29. Ra2 {[%clk
00:15:23]} {[%emt 00:01:45]} a6 {[%clk 00:12:39]} {[%emt 00:02:48]} 30. axb5
{[%clk 00:15:40]} {[%emt 00:00:14]} axb5 {[%clk 00:12:57]} {[%emt 00:00:13]} 31.
Qd5 {[%clk 00:15:41]} {[%emt 00:00:28]} Nb6 {[%clk 00:10:09]} {[%emt 00:03:18]}
32. Qxd6 {[%clk 00:15:53]} {[%emt 00:00:18]} Rd8 {[%clk 00:10:29]} {[%emt
00:00:10]} 33. Qxb6 {[%clk 00:15:44]} {[%emt 00:00:39]} Qg5 {[%clk 00:10:51]}
{[%emt 00:00:08]} 34. Bd2 {[%clk 00:15:27]} {[%emt 00:00:47]} 1-0